[Event "Tenerife-chT Primera"]
[Site "Tenerife"]
[Date "2023.04.22"]
[Round "11"]
[White "Pena Reyes, Alvaro"]
[Black "Delgado Delgado, Jose Miguel"]
[Result "1/2-1/2"]
[WhiteElo "1464"]
[BlackElo "1691"]
[PlyCount "53"]
[EventDate "2023.01.14"]
[EventType "team-tourn"]
[EventRounds "14"]
[EventCountry "ESP"]
[SourceTitle "EXT 2024"]
[Source "ChessBase"]
[SourceDate "2023.10.10"]
[SourceVersion "1"]
[SourceVersionDate "2023.10.10"]
[SourceQuality "1"]
[WhiteTeam "Caissa Enroque II"]
[BlackTeam "Playa San Juan"]
[WhiteTeamCountry "ESP"]
[BlackTeamCountry "ESP"]

1. e4 e5 2. Nf3 Nf6 3. d4 Nxe4 4. Nxe5 Be7 5. Bd3 d5 6. Nd2 Nxd2 7. Bxd2 Nd7 8. Qe2 Nf6 9. 0-0 0-0 10. Rfe1 Re8 11. Bg5 Be6 12. f4 Qc8 13. Qf3 Bf5 14. Bxf6 Bxf6 15. Qxd5 Be6 16. Qf3 g6 17. d5 Bf5 18. Bb5 Rd8 19. g4 Bxe5 20. gxf5 Bd4+ 21. Kf1 Qxf5 22. c3 Bf6 23. Rad1 Rd6 24. Qe4 Qh3+ 25. Qg2 Qf5 26. Qe4 Qh3+ 27. Qg2 1/2-1/2

[Event "Tenerife-chT Primera"]
[Site "Tenerife"]
[Date "2022.04.23"]
[Round "9.2"]
[White "Delgado Delgado, Jose Miguel"]
[Black "Sanchez Martin, Jacobo"]
[Result "1/2-1/2"]
[WhiteElo "1736"]
[BlackElo "1740"]
[PlyCount "36"]
[EventDate "2022.01.29"]
[EventType "team-tourn"]
[EventRounds "14"]
[EventCountry "ESP"]
[SourceTitle "EXT 2024"]
[Source "ChessBase"]
[SourceDate "2023.10.10"]
[SourceVersion "1"]
[SourceVersionDate "2023.10.10"]
[SourceQuality "1"]
[WhiteTeam "Playa San Juan"]
[BlackTeam "La Victoria 94"]
[WhiteTeamCountry "ESP"]
[BlackTeamCountry "ESP"]

1. c4 d6 2. Nc3 Nf6 3. Nf3 g6 4. g3 Bg7 5. Bg2 0-0 6. 0-0 c5 7. d3 Nc6 8. Rb1 Bf5 9. h3 a6 10. a3 Qc8 11. Kh2 h6 12. Bd2 Rb8 13. Re1 Rd8 14. Qc1 Kh8 15. e4 Bd7 16. Nd5 Ng8 17. Nb6 Qc7 18. Nd5 Qc8 1/2-1/2

[Event "Tenerife-chT Primera"]
[Site "Tenerife"]
[Date "2022.03.26"]
[Round "7.2"]
[White "Delgado Delgado, Jose Miguel"]
[Black "Perez Garcia, Jimena"]
[Result "1/2-1/2"]
[WhiteElo "1736"]
[BlackElo "1826"]
[PlyCount "71"]
[EventDate "2022.01.29"]
[EventType "team-tourn"]
[EventRounds "14"]
[EventCountry "ESP"]
[SourceTitle "EXT 2024"]
[Source "ChessBase"]
[SourceDate "2023.10.10"]
[SourceVersion "1"]
[SourceVersionDate "2023.10.10"]
[SourceQuality "1"]
[WhiteTeam "Playa San Juan"]
[BlackTeam "Caissa Enroque"]
[WhiteTeamCountry "ESP"]
[BlackTeamCountry "ESP"]

1. c4 Nf6 2. g3 g6 3. Nc3 Bg7 4. Bg2 0-0 5. e4 d6 6. Nge2 c5 7. 0-0 Nc6 8. d3 a6 9. a3 Rb8 10. Rb1 a5 11. Be3 Ng4 12. Bd2 Nd4 13. Nxd4 cxd4 14. Nb5 Bd7 15. Bg5 h6 16. Bf4 g5 17. Bc1 Qb6 18. b4 axb4 19. Rxb4 Qc5 20. h3 Ne5 21. f4 gxf4 22. gxf4 Nc6 23. Rb1 f5 24. a4 fxe4 25. Bxe4 Bxh3 26. Ba3 Qb6 27. Qh5 Bxf1 28. Qg6 Rf6 29. Qh7+ Kf8 30. Rxf1 Nd8 31. Bd5 Nf7 32. Rf2 Qa5 33. Rg2 Qe1+ 34. Kh2 Qh4+ 35. Kg1 Qe1+ 36. Kh2 1/2-1/2

[Event "Tenerife-chT Primera"]
[Site "Tenerife"]
[Date "2022.03.12"]
[Round "6.2"]
[White "Rodriguez Garcia, Joel I"]
[Black "Delgado Delgado, Jose Miguel"]
[Result "1/2-1/2"]
[WhiteElo "1302"]
[BlackElo "1736"]
[PlyCount "54"]
[EventDate "2022.01.29"]
[EventType "team-tourn"]
[EventRounds "14"]
[EventCountry "ESP"]
[SourceTitle "EXT 2024"]
[Source "ChessBase"]
[SourceDate "2023.10.10"]
[SourceVersion "1"]
[SourceVersionDate "2023.10.10"]
[SourceQuality "1"]
[WhiteTeam "Santa Ursula Badnor"]
[BlackTeam "Playa San Juan"]
[WhiteTeamCountry "ESP"]
[BlackTeamCountry "ESP"]

1. e4 c5 2. Nf3 d6 3. d4 cxd4 4. Nxd4 Nf6 5. Nc3 a6 6. Bg5 e6 7. Bd3 Be7 8. Qd2 Qc7 9. 0-0-0 Nbd7 10. f4 b5 11. f5 Ne5 12. fxe6 fxe6 13. Nf3 Nc4 14. Bxc4 Qxc4 15. e5 b4 16. exf6 bxc3 17. f7+ Kxf7 18. Qxc3 Qxc3 19. bxc3 Bb7 20. Rhf1 Ke8 21. Bxe7 Kxe7 22. g3 Bxf3 23. Rxf3 Rhf8 24. Rfd3 Rfd8 25. Kb2 Rab8+ 26. Ka3 Rb5 27. c4 Rc5 1/2-1/2

[Event "Tenerife-chT Primera"]
[Site "Tenerife"]
[Date "2021.10.09"]
[Round "14.1"]
[White "Delgado Delgado, Jose Miguel"]
[Black "Padilla Mendez, Vicente"]
[Result "0-1"]
[WhiteElo "1786"]
[BlackElo "1926"]
[PlyCount "64"]
[EventDate "2021.02.27"]
[EventType "team-tourn"]
[EventRounds "14"]
[EventCountry "ESP"]
[SourceTitle "EXT 2023"]
[Source "ChessBase"]
[SourceDate "2022.10.05"]
[SourceVersion "1"]
[SourceVersionDate "2022.10.05"]
[SourceQuality "1"]
[WhiteTeam "Playa San Juan"]
[BlackTeam "El Sauzal Libreria Barco II"]
[WhiteTeamCountry "ESP"]
[BlackTeamCountry "ESP"]

1. c4 c6 2. Nc3 d5 3. d4 Nf6 4. Qc2 dxc4 5. Nf3 b5 6. e4 e6 7. Bg5 Be7 8. Rd1 0-0 9. Be2 Bb7 10. 0-0 Nbd7 11. Rfe1 h6 12. Bh4 Re8 13. d5 exd5 14. exd5 Nxd5 15. Bxe7 Rxe7 16. a4 Nxc3 17. bxc3 Qc7 18. Nd4 a6 19. Nf5 Re5 20. f4 Re6 21. Nd4 Ree8 22. Nf5 Nf6 23. Nd6 Red8 24. Nxb7 Qxb7 25. axb5 cxb5 26. Rb1 Qc7 27. Bf3 Rab8 28. Re5 Rd3 29. Rbe1 Rbd8 30. Kh1 Qa5 31. R1e3 Rxe3 32. Rxe3 Qa1+ 0-1

[Event "Tenerife-chT Primera"]
[Site "Tenerife"]
[Date "2021.09.18"]
[Round "11.1"]
[White "Gonzalez Isac, Alberto"]
[Black "Delgado Delgado, Jose Miguel"]
[Result "1/2-1/2"]
[WhiteElo "1915"]
[BlackElo "1786"]
[PlyCount "99"]
[EventDate "2021.02.27"]
[EventType "team-tourn"]
[EventRounds "14"]
[EventCountry "ESP"]
[SourceTitle "EXT 2023"]
[Source "ChessBase"]
[SourceDate "2022.10.05"]
[SourceVersion "1"]
[SourceVersionDate "2022.10.05"]
[SourceQuality "1"]
[WhiteTeam "Circulo de Amistad XII Enero"]
[BlackTeam "Playa San Juan"]
[WhiteTeamCountry "ESP"]
[BlackTeamCountry "ESP"]

1. d4 Nf6 2. Bf4 g6 3. e3 d6 4. Nd2 Bg7 5. h3 0-0 6. Ngf3 Nbd7 7. Be2 c5 8. c3 Re8 9. Nc4 b5 10. Na3 a6 11. dxc5 Nxc5 12. 0-0 Bb7 13. Bh2 Qb6 14. Nd4 e5 15. Nb3 Na4 16. Rb1 d5 17. Kh1 Rad8 18. Bf3 Ba8 19. Re1 Bf8 20. Nc2 Ne4 21. Bxe4 dxe4 22. Qe2 Bd5 23. Red1 Bc4 24. Qe1 Bd3 25. Rd2 Rd5 26. f3 exf3 27. gxf3 Bxc2 28. Rxc2 Bg7 29. Bg1 Qe6 30. Kg2 Red8 31. e4 Rd3 32. Be3 Qd7 33. Qf2 Qe6 34. Nc1 R3d6 35. b3 Nb6 36. Ne2 Nd7 37. Rbb2 Nf6 38. c4 bxc4 39. Rxc4 Nh5 40. Rbc2 f5 41. Bc5 Rd2 42. Be3 Nf4+ 43. Bxf4 exf4 44. exf5 Qxf5 45. Rxd2 Rxd2 46. a4 Qg5+ 47. Kh1 Qf5 48. Kg2 Qg5+ 49. Kh1 Qf5 50. Kg2 1/2-1/2

[Event "Tenerife-chT Primera 1617"]
[Site "Tenerife"]
[Date "2017.04.01"]
[Round "11.2"]
[White "Hernandez Perez, Javier"]
[Black "Delgado Delgado, Jose Miguel"]
[Result "0-1"]
[WhiteElo "1591"]
[BlackElo "1832"]
[PlyCount "78"]
[EventDate "2016.12.10"]
[EventType "team-tourn"]
[EventRounds "14"]
[EventCountry "ESP"]
[SourceTitle "EXT 2018"]
[Source "ChessBase"]
[SourceDate "2017.10.13"]
[SourceVersion "1"]
[SourceVersionDate "2017.10.13"]
[SourceQuality "1"]
[WhiteTeam "Benito"]
[BlackTeam "Playa San Juan"]
[WhiteTeamCountry "ESP"]
[BlackTeamCountry "ESP"]

1. d4 Nf6 2. c4 g6 3. Nc3 Bg7 4. Nf3 d6 5. Bg5 0-0 6. e4 c6 7. h3 Re8 8. Be2 Nbd7 9. 0-0 Qc7 10. b4 e5 11. d5 h6 12. Be3 Nh5 13. Qd2 Nf4 14. Rfd1 Nxe2+ 15. Nxe2 h5 16. Ng3 c5 17. Rac1 b6 18. b5 a6 19. a4 axb5 20. axb5 Ra4 21. Bh6 Nf8 22. Bxg7 Kxg7 23. Qg5 Kh7 24. Nxh5 gxh5 25. Qxh5+ Kg7 26. Ng5 Ng6 27. Qh7+ Kf6 28. Ne6 Bxe6 29. dxe6 Kxe6 30. Rd3 Rh8 31. Qg7 Raa8 32. Rf3 Qe7 33. Rd1 Rag8 34. Rxd6+ Kxd6 35. Rf6+ Kd7 36. Qxf7 Qxf7 37. Rxf7+ Ke6 38. Rb7 Rb8 39. Rc7 Rhd8 0-1

[Event "Tenerife-chT Primera 1617"]
[Site "Tenerife"]
[Date "2017.01.14"]
[Round "3.2"]
[White "Colichon Rebryck, Carlos Alexei"]
[Black "Delgado Delgado, Jose Miguel"]
[Result "1/2-1/2"]
[WhiteElo "1661"]
[BlackElo "1832"]
[PlyCount "68"]
[EventDate "2016.12.10"]
[EventType "team-tourn"]
[EventRounds "14"]
[EventCountry "ESP"]
[SourceTitle "CBM 176 Extra"]
[Source "ChessBase"]
[SourceDate "2017.03.02"]
[SourceVersion "1"]
[SourceVersionDate "2017.03.02"]
[SourceQuality "1"]
[WhiteTeam "Puerto de la Cruz Piratas"]
[BlackTeam "Playa San Juan"]
[WhiteTeamCountry "ESP"]
[BlackTeamCountry "ESP"]

1. e4 c5 2. Nc3 Nc6 3. f4 e6 4. Nf3 Nf6 5. Bb5 Be7 6. Bxc6 bxc6 7. 0-0 Ba6 8. Re1 c4 9. h3 Qc7 10. d4 cxd3 11. cxd3 Rb8 12. d4 d6 13. d5 0-0 14. dxe6 fxe6 15. Nd4 Bc8 16. e5 Nd5 17. Qg4 Qb6 18. Re4 dxe5 19. fxe5 c5 20. Nf3 Nxc3 21. bxc3 Bb7 22. Rf4 Rxf4 23. Bxf4 Bxf3 24. Qxf3 c4+ 25. Kh2 Rf8 26. Qg4 Rf5 27. Rd1 Qc6 28. Rd4 Bc5 29. Bh6 Qc7 30. Rxc4 Qxe5+ 31. Bf4 Qd5 32. Bh6 Bd6+ 33. Kg1 Bc5+ 34. Kh2 Bd6+ 1/2-1/2